000 01009nam a22003377a 4500
001 BR7806352
003 BR-BrBNA
005 20241209163318.0
007 ta
008 230509b bl.||||| |||| 00| 0 por d
040 _aBR-BrBNA
_bpor
_cBiblioteca Nacional de Agricultura
041 _a(Por)
072 _aC00; E50
_b/G514
090 _a C00 BR7806352
_b2024-8070
100 1 _aRodrigues, M.S.C.
100 1 _aAssis, M.Z.P. de
100 1 _aBrito, F.S. de
100 1 _aArcanjo, J.S.
100 1 _aAlmeida, F.F. de
110 1 _aEmpresa de Assistencia Tecnica e Extensao Rural do Ceara, Fortaleza (Brasil)
245 1 _aInstrumento operacional do plano de promocao de produtores de baixa renda de Maranguape - 1978 [extensao rural, Ceara, Brasil]
260 3 _aFortaleza, CE (Brasil):
_c1978.
300 _a38 p.
650 _aEXTENSAO RURAL
650 _aBAIXA RENDA
650 _aNUTRICAO HUMANA
650 _aSAUDE
650 _aNIVEL DE VIDA
650 _aCEARA
942 _cBK
_2AGRIS
999 _c26080
_d26080